000 00614nam a2200229Ia 4500
005 20260320201926.0
008 008 262003s9999 xx 000 0 eng d
037 _aEBOOK
040 _aCRL
040 _beng
040 _cCRL
041 _2eng
041 _aeng
084 _qCRL
100 _aMagajna
_91136325
245 0 _aNatural Language Processing with Flair: A practical guide to understanding and solving NLP problems with Flair
260 _bIEEE
856 _uhttps://ieeexplore.ieee.org/servlet/opac?bknumber=10162471
942 _cEBOOK
999 _c1724319
_d1724319